000 00902nam a2200265Ia 4500
003 OSt
005 20220923212601.0
006 a|||||r|||| 00| 0
007 ta
008 220922b |||||||| |||| 00| 0 hin d
024 _a154,214
037 _cTextual
040 _aARTS
_cARTS
_bhin
041 _2hin
_ahin
082 _aO152:g, J5
100 _aपाण्डेय, सुधाकर
245 0 _aहिन्दी साहित्य और साहित्यकार
246 _aHindī sāhitya aur sāhityakāra
250 _aसंस्क2
260 _aबनारस
_b हिन्दी प्रचारक पुस्तकालय
_c1955
300 _a268 पृ.
_ccm.
650 _aहिन्दी साहित्य
_9156264
942 _hO152:g, J5
_cTEXL
_2CC
999 _c309842
_d309842